00948nam a2200217Ia 4500999001500000003000900015005001700024008004100041020002700082040002800109041000800137082004600145100003000191245005900221260014400280300001800424490002400442600010100466942001200567952015100579 c1702d1702DO-SdBJH20190212145738.0171116s9999 dr 000 0 spa d a978-958-98431-1-6  aDO-SdBJHbspacDO-SdBJH bspa a303.6 bC199e 20071 aBotero Campuzano, Libardo10aLa estratagema terrorista /c Libardo Botero Campusano aColombia : b Fundación Centro de Pensamiento Primero Colombia : Fundación Konrad Adenauer Stiftung c2008  a243 páginas a Ideas de Uribe, 2. aUribe Vélez, Avaro d1952vterrorismoxviolencia políticazColombia  2ddccBK 00102ddc40708CGaBEGEMbBEGEMcGENd2017-11-11i16-EERD-00355l0o303.6 C199e 2007p16-EERD-00355r2017-11-18 00:00:00tEj.1w2017-11-11yBK